<?xml version="1.0" encoding="UTF-8"?>
<record
    xmlns:xsi="http://www.w3.org/2001/XMLSchema-instance"
    xsi:schemaLocation="http://www.loc.gov/MARC21/slim http://www.loc.gov/standards/marcxml/schema/MARC21slim.xsd"
    xmlns="http://www.loc.gov/MARC21/slim">

  <leader>00635nam a22002297a 4500</leader>
  <controlfield tag="003">IMU CC</controlfield>
  <controlfield tag="005">20260415143414.0</controlfield>
  <controlfield tag="008">251022b        |||||||| |||| 00| 0 eng d</controlfield>
  <datafield tag="020" ind1=" " ind2=" ">
    <subfield code="a">9781849270878</subfield>
  </datafield>
  <datafield tag="040" ind1=" " ind2=" ">
    <subfield code="a">IMU CC</subfield>
  </datafield>
  <datafield tag="041" ind1="0" ind2=" ">
    <subfield code="a">eng</subfield>
  </datafield>
  <datafield tag="082" ind1="0" ind2="0">
    <subfield code="2">23</subfield>
    <subfield code="a">623.88</subfield>
    <subfield code="b">NIC</subfield>
  </datafield>
  <datafield tag="100" ind1=" " ind2=" ">
    <subfield code="a">Pepper, G. M.</subfield>
    <subfield code="e">Revised by</subfield>
    <subfield code="9">4187</subfield>
  </datafield>
  <datafield tag="245" ind1="1" ind2="0">
    <subfield code="a">Nicholls's seamanship and nautical knowledge /</subfield>
    <subfield code="c">G. M. Pepper.</subfield>
  </datafield>
  <datafield tag="250" ind1=" " ind2=" ">
    <subfield code="a">30th ed.</subfield>
  </datafield>
  <datafield tag="260" ind1=" " ind2=" ">
    <subfield code="a">Glasgow : </subfield>
    <subfield code="b">Brown, Son &amp; Ferguson,</subfield>
    <subfield code="c">2020.</subfield>
  </datafield>
  <datafield tag="300" ind1=" " ind2=" ">
    <subfield code="a">xii, 548 p.:</subfield>
    <subfield code="b">ill.;</subfield>
    <subfield code="c">22 cm.</subfield>
  </datafield>
  <datafield tag="650" ind1=" " ind2="0">
    <subfield code="a">Fire fighting</subfield>
    <subfield code="9">4188</subfield>
  </datafield>
  <datafield tag="650" ind1=" " ind2="0">
    <subfield code="a">Bridge watchkeeping</subfield>
    <subfield code="9">4189</subfield>
  </datafield>
  <datafield tag="856" ind1=" " ind2=" ">
    <subfield code="y">BK</subfield>
  </datafield>
  <datafield tag="942" ind1=" " ind2=" ">
    <subfield code="c">BK</subfield>
    <subfield code="2">ddc</subfield>
  </datafield>
  <datafield tag="999" ind1=" " ind2=" ">
    <subfield code="c">10298</subfield>
    <subfield code="d">10298</subfield>
  </datafield>
  <datafield tag="952" ind1=" " ind2=" ">
    <subfield code="0">0</subfield>
    <subfield code="1">0</subfield>
    <subfield code="2">ddc</subfield>
    <subfield code="4">0</subfield>
    <subfield code="7">0</subfield>
    <subfield code="a">IMUU</subfield>
    <subfield code="b">IMUU</subfield>
    <subfield code="c">GEN</subfield>
    <subfield code="d">2025-10-22</subfield>
    <subfield code="e">M/s.Sterling Book House; INV/4874 Dt.06.10.2025</subfield>
    <subfield code="g">7756.00</subfield>
    <subfield code="l">0</subfield>
    <subfield code="o">623.88 NIC</subfield>
    <subfield code="p">23800</subfield>
    <subfield code="r">2025-10-22 15:30:41</subfield>
    <subfield code="w">2025-10-22</subfield>
    <subfield code="y">RT</subfield>
  </datafield>
  <datafield tag="952" ind1=" " ind2=" ">
    <subfield code="0">0</subfield>
    <subfield code="1">0</subfield>
    <subfield code="2">ddc</subfield>
    <subfield code="4">0</subfield>
    <subfield code="7">0</subfield>
    <subfield code="a">IMUU</subfield>
    <subfield code="b">IMUU</subfield>
    <subfield code="c">GEN</subfield>
    <subfield code="d">2025-10-22</subfield>
    <subfield code="e">M/s.Sterling Book House; INV/4874 Dt.06.10.2025</subfield>
    <subfield code="g">7756.00</subfield>
    <subfield code="l">0</subfield>
    <subfield code="o">623.88 NIC</subfield>
    <subfield code="p">23801</subfield>
    <subfield code="r">2025-10-22 15:30:41</subfield>
    <subfield code="w">2025-10-22</subfield>
    <subfield code="y">RT</subfield>
  </datafield>
  <datafield tag="952" ind1=" " ind2=" ">
    <subfield code="0">0</subfield>
    <subfield code="1">0</subfield>
    <subfield code="2">ddc</subfield>
    <subfield code="4">0</subfield>
    <subfield code="7">0</subfield>
    <subfield code="a">IMUU</subfield>
    <subfield code="b">IMUU</subfield>
    <subfield code="c">GEN</subfield>
    <subfield code="d">2025-11-06</subfield>
    <subfield code="e">M/s.Sterling Book House; INV/5234 Dt.24.10.2025</subfield>
    <subfield code="g">7595.00</subfield>
    <subfield code="l">0</subfield>
    <subfield code="o">623.88 NIC</subfield>
    <subfield code="p">24148</subfield>
    <subfield code="r">2025-11-06 16:18:07</subfield>
    <subfield code="w">2025-11-06</subfield>
    <subfield code="y">RT</subfield>
  </datafield>
  <datafield tag="952" ind1=" " ind2=" ">
    <subfield code="0">0</subfield>
    <subfield code="1">0</subfield>
    <subfield code="2">ddc</subfield>
    <subfield code="4">0</subfield>
    <subfield code="7">0</subfield>
    <subfield code="a">IMUU</subfield>
    <subfield code="b">IMUU</subfield>
    <subfield code="c">GEN</subfield>
    <subfield code="d">2025-11-06</subfield>
    <subfield code="e">M/s.Sterling Book House; INV/5234 Dt.24.10.2025</subfield>
    <subfield code="g">7595.00</subfield>
    <subfield code="l">0</subfield>
    <subfield code="o">623.88 NIC</subfield>
    <subfield code="p">24149</subfield>
    <subfield code="r">2025-11-06 16:18:07</subfield>
    <subfield code="w">2025-11-06</subfield>
    <subfield code="y">RT</subfield>
  </datafield>
  <datafield tag="952" ind1=" " ind2=" ">
    <subfield code="0">0</subfield>
    <subfield code="1">0</subfield>
    <subfield code="2">ddc</subfield>
    <subfield code="4">0</subfield>
    <subfield code="7">0</subfield>
    <subfield code="a">IMUU</subfield>
    <subfield code="b">IMUU</subfield>
    <subfield code="c">GEN</subfield>
    <subfield code="d">2025-11-06</subfield>
    <subfield code="e">M/s.Sterling Book House; INV/5234 Dt.24.10.2025</subfield>
    <subfield code="g">7595.00</subfield>
    <subfield code="l">0</subfield>
    <subfield code="o">623.88 NIC</subfield>
    <subfield code="p">24150</subfield>
    <subfield code="r">2025-11-06 16:18:07</subfield>
    <subfield code="w">2025-11-06</subfield>
    <subfield code="y">RT</subfield>
  </datafield>
</record>
